000 00713nam a2200289Ia 4500
005 20260324131014.0
008 008 260324s9999 xx 000 0 eng d
020 _a9781315235912
037 _aEBOOK
040 _aCRL
040 _beng
040 _cCRL
041 _2eng
041 _aeng
084 _qCRL
100 _aNick Goodwin; Judith Smith
_91183863
245 0 _aTowards Managed Primary Care
245 4 _bThe Role and Experience of Primary Care Organizations
260 _bTaylor and Francis
260 _c2006
365 _a
365 _b150
856 _uhttp://www.taylorfrancis.com/books/9781315235912
942 _cEBOOK
999 _c1780646
_d1780646